Hanseatic League: Cities (Members Only) - Statistics

General Stats
  • This quiz has been taken 60 times
  • The average score is 21 of 41
Answers on the Map
Answers color-coded by a green-red scale on the quiz's map according to % correct below.
 
Answer Stats
Group Answer % Correct
Wendish Hamburg
94%
Baltic Riga
94%
Baltic Tallinn
94%
Baltic Gdańsk
90%
Baltic Stockholm
90%
Saxon Berlin
85%
Wendish Lübeck
85%
Westphalian Cologne
83%
Baltic Kaliningrad
83%
Wendish Rostock
83%
Saxon Bremen
79%
Baltic Kraków
79%
Westphalian Groningen
71%
Westphalian Dortmund
69%
Wendish Szczecin
69%
Saxon Frankfurt an der Oder
67%
Baltic Wrocław
62%
Saxon Erfurt
60%
Saxon Magdeburg
56%
Baltic Tartu
52%
Saxon Braunschweig
50%
Westphalian Münster
50%
Baltic Visby
50%
Westphalian Osnabrück
48%
Wendish Stralsund
46%
Wendish Lüneburg
37%
Wendish Wismar
37%
Wendish Greifswald
33%
Baltic Elbląg
31%
Baltic Toruń
31%
Wendish Kołobrzeg
25%
Saxon Stade
23%
Westphalian Deventer
19%
Wendish Słupsk
17%
Westphalian Kampen
15%
Saxon Goslar
12%
Westphalian Soest
12%
Wendish Pasewalk
10%
Wendish Anklam
8%
Wendish Demmin
8%
Wendish Darłowo
2%
No matching quizzes found
Score Distribution
Percent of People with Each Score
Percentile by Number Answered
Your Score History
You have not taken this quiz